[Event "WchT Seniors 50"]
[Site "Rhodes"]
[Date "2019.04.17"]
[Round "2.1"]
[White "Petrosian, Arshak B"]
[Black "Kranzl, Peter"]
[Result "1-0"]
[WhiteElo "2470"]
[BlackElo "2145"]
[PlyCount "101"]
[EventDate "2019.04.16"]
[EventType "team-swiss"]
[EventRounds "9"]
[EventCountry "GRE"]
[SourceTitle "CBM 190 Extra"]
[Source "ChessBase"]
[SourceDate "2019.07.15"]
[SourceVersion "1"]
[SourceVersionDate "2019.07.15"]
[SourceQuality "1"]
[WhiteTeam "Armenia"]
[BlackTeam "Austria"]
[WhiteTeamCountry "ARM"]
[BlackTeamCountry "AUT"]

1. Nf3 Nf6 2. g3 g6 3. Bg2 Bg7 4. d4 0-0 5. c4 d6 6. Nc3 c6 7. h3 Nbd7 8. 0-0 a6 9. d5 cxd5 10. cxd5 Nc5 11. Nd4 a5 12. Be3 Bd7 13. Rb1 h6 14. Qd2 Kh7 15. b3 Ne8 16. a3 Nc7 17. Rfc1 Qb8 18. f4 f5 19. Bf2 h5 20. Nf3 Bf6 21. Bxc5 dxc5 22. d6 Nb5 23. dxe7 Rf7 24. Qxd7 Nxc3 25. Rxc3 Rxe7 26. Qd3 Bxc3 27. Qxc3 Rxe2 28. Rd1 Qc7 29. Ng5+ Kh6 30. Bf3 Re7 31. Qf6 Rae8 32. Rd6 Re1+ 33. Kf2 Qg7 34. Nf7+ Kh7 35. Ng5+ Kh6 36. Nf7+ Kh7 37. Ne5 Qxf6 38. Rxf6 Ra1 39. Rf7+ Kh6 40. Rxb7 Ra2+ 41. Be2 g5 42. h4 gxf4 43. gxf4 Rxa3 44. Bxh5 Rxe5 45. fxe5 Kxh5 46. e6 Kg4 47. e7 Ra2+ 48. Ke1 Ra1+ 49. Kd2 Ra2+ 50. Kd3 c4+ 51. bxc4 1-0

[Event "Oberliga NRW 0001 II"]
[Site "NRW"]
[Date "2001.03.18"]
[Round "7.1"]
[White "Petrosian, Arshak B"]
[Black "Klovans, Janis"]
[Result "1-0"]
[WhiteElo "2473"]
[BlackElo "2481"]
[PlyCount "81"]
[EventDate "2000.09.24"]
[EventType "team"]
[EventRounds "9"]
[EventCountry "GER"]
[SourceTitle "EXT 2006"]
[Source "ChessBase"]
[SourceDate "2005.11.24"]
[SourceVersion "1"]
[SourceVersionDate "2005.11.24"]
[SourceQuality "1"]
[WhiteTeam "Brackel"]
[BlackTeam "Enger Spenge"]
[WhiteTeamCountry "GER"]
[BlackTeamCountry "GER"]

1. Nf3 d5 2. g3 Nf6 3. Bg2 c6 4. 0-0 Bg4 5. d3 e6 6. Nbd2 Be7 7. b3 0-0 8. Bb2 a5 9. a4 Na6 10. h3 Bh5 11. g4 Bg6 12. Ne5 Nd7 13. Nxg6 fxg6 14. d4 Bd6 15. e4 Bf4 16. Ba3 Rf7 17. c3 Nc7 18. Qe2 g5 19. e5 Nf8 20. Nf3 Ng6 21. Ne1 Ne8 22. Nd3 Rc7 23. b4 axb4 24. Bxb4 b6 25. a5 Rca7 26. Rab1 bxa5 27. Bc5 Rf7 28. Rb6 Qc8 29. Rfb1 Nf8 30. Bxf8 Kxf8 31. Nc5 a4 32. Qc2 a3 33. Qxh7 Rfa7 34. Bf1 a2 35. Ra1 Bc1 36. Rxc1 a1Q 37. Rxa1 Rxa1 38. Rb7 Qxb7 39. Nxb7 Rb8 40. Qh8+ Ke7 41. Nd6 1-0

[Event "Oberliga NRW 0001 II"]
[Site "NRW"]
[Date "2000.09.24"]
[Round "1.2"]
[White "Petrosian, Arshak B"]
[Black "Duerwald, Martin"]
[Result "1-0"]
[WhiteElo "2473"]
[BlackElo "2137"]
[PlyCount "109"]
[EventDate "2000.09.24"]
[EventType "team"]
[EventRounds "9"]
[EventCountry "GER"]
[SourceTitle "EXT 2006"]
[Source "ChessBase"]
[SourceDate "2005.11.24"]
[SourceVersion "1"]
[SourceVersionDate "2005.11.24"]
[SourceQuality "1"]
[WhiteTeam "Brackel"]
[BlackTeam "Schwerte"]
[WhiteTeamCountry "GER"]
[BlackTeamCountry "GER"]

1. Nf3 Nf6 2. c4 g6 3. g3 Bg7 4. Bg2 0-0 5. d4 c5 6. Nc3 cxd4 7. Nxd4 Nc6 8. 0-0 Qb6 9. Nc2 d6 10. b3 Bf5 11. Bd2 Rad8 12. Ne3 Be6 13. Rc1 Rd7 14. h3 h5 15. Kh2 Qd8 16. Ned5 Nd4 17. Nf4 Qb8 18. e3 Nf5 19. e4 Nh6 20. Kh1 Kh7 21. Qe2 Rh8 22. Nb5 Ne8 23. Be3 a6 24. Nxe6 fxe6 25. Nd4 Nc7 26. f4 e5 27. Nf3 Ne6 28. f5 Nf8 29. Ng5+ Kg8 30. fxg6 Qe8 31. c5 e6 32. cxd6 Qxg6 33. Rc8 Nf7 34. Nxf7 Rxf7 35. Rxf7 Qxf7 36. Rc7 Nd7 37. Qf3 Qe8 38. Rxb7 Kh7 39. Qe2 Rf8 40. Qxa6 Qc8 41. Qa7 Rf7 42. Rc7 Qd8 43. h4 Bf6 44. Bf2 Kg6 45. Bf1 Bxh4 46. gxh4 Qf8 47. Kg1 Qxd6 48. Rc3 Nf6 49. Rg3+ Ng4 50. Qe3 Rf4 51. Be2 Kf6 52. Bxg4 hxg4 53. Qd3 Qc7 54. Be3 Rf3 55. Rxf3+ 1-0

[Event "Dortmund GM"]
[Site "Dortmund"]
[Date "2000.07.15"]
[Round "8"]
[White "Petrosian, Arshak B"]
[Black "Skripchenko, Almira"]
[Result "1-0"]
[WhiteElo "2473"]
[BlackElo "2450"]
[PlyCount "101"]
[EventDate "2000.07.07"]
[EventType "tourn"]
[EventRounds "9"]
[EventCountry "GER"]
[EventCategory "9"]
[SourceTitle "CBM 078"]
[Source "ChessBase"]
[SourceDate "2000.10.18"]
[SourceVersion "1"]
[SourceVersionDate "2000.10.18"]
[SourceQuality "1"]

1. Nf3 c5 2. c4 Nc6 3. Nc3 Nd4 4. e3 Nxf3+ 5. Qxf3 g6 6. b3 Bg7 7. Bb2 d6 8. g4 Rb8 9. Bg2 a6 10. Qe2 Bd7 11. g5 b5 12. d3 Qa5 13. Rc1 h6 14. h4 hxg5 15. hxg5 Rxh1+ 16. Bxh1 e5 17. Qd2 Ne7 18. Ne4 Qb6 19. f4 Bf5 20. Qh2 Kd7 21. Nf6+ Bxf6 22. gxf6 Nc6 23. Bxc6+ Qxc6 24. e4 Bxe4 25. dxe4 Qxe4+ 26. Kd2 bxc4 27. Qh3+ Kc6 28. Rxc4 Qd5+ 29. Kc2 e4 30. Qe3 Re8 31. Bc3 Kb7 32. Ra4 Qc6 33. Rc4 Qd5 34. Bd2 Re6 35. a4 Qc6 36. Qc3 a5 37. Qxa5 e3 38. Be1 Rxf6 39. Kb2 Qg2+ 40. Rc2 Qc6 41. Rc4 Qg2+ 42. Ka3 Qh1 43. Qb5+ Ka7 44. Qa5+ Kb7 45. f5 Qd5 46. Rh4 Rxf5 47. Rh8 c4 48. Qa8+ Kc7 49. Qd8+ Kb7 50. Qd7+ Ka6 51. Rc8 1-0

[Event "Dortmund GM"]
[Site "Dortmund"]
[Date "2000.07.14"]
[Round "7"]
[White "Varga, Zoltan"]
[Black "Petrosian, Arshak B"]
[Result "1-0"]
[WhiteElo "2541"]
[BlackElo "2473"]
[PlyCount "67"]
[EventDate "2000.07.07"]
[EventType "tourn"]
[EventRounds "9"]
[EventCountry "GER"]
[EventCategory "9"]
[SourceTitle "CBM 078"]
[Source "ChessBase"]
[SourceDate "2000.10.18"]
[SourceVersion "1"]
[SourceVersionDate "2000.10.18"]
[SourceQuality "1"]

1. e4 c5 2. Nf3 d6 3. d4 cxd4 4. Nxd4 Nf6 5. f3 e5 6. Nb3 Be6 7. c4 a5 8. Be3 a4 9. N3d2 Qa5 10. Nc3 Be7 11. Be2 0-0 12. Rb1 Rc8 13. 0-0 Nbd7 14. Kh1 h6 15. Nb5 Ne8 16. b4 axb3 17. axb3 Qb4 18. f4 Ndf6 19. Nf3 Nxe4 20. fxe5 dxe5 21. Nxe5 N8f6 22. Bf3 Ra2 23. Bxe4 Nxe4 24. Nxf7 Rf8 25. Qd4 Nd2 26. Nxh6+ gxh6 27. Bxh6 Rf7 28. Rxf7 Kxf7 29. Rd1 Qxb3 30. Re1 Qxc4 31. Qg7+ Ke8 32. Bg5 Qc5 33. Bxe7 Qxe7 34. Rxe6 1-0

[Event "SLO-chT 09th"]
[Site "Bled"]
[Date "1999.11.12"]
[Round "5"]
[White "Petrosian, Arshak B"]
[Black "Jelen, Igor"]
[Result "1/2-1/2"]
[WhiteElo "2514"]
[BlackElo "2395"]
[PlyCount "31"]
[EventDate "1999.11.08"]
[EventType "team-tourn"]
[EventRounds "7"]
[EventCountry "SLO"]
[SourceTitle "EXT 2000"]
[Source "ChessBase"]
[SourceDate "1999.11.16"]
[SourceVersion "1"]
[SourceVersionDate "1999.11.16"]
[SourceQuality "1"]
[WhiteTeam "Ptuj"]
[BlackTeam "Ljubljana LSK"]
[WhiteTeamCountry "SLO"]
[BlackTeamCountry "SLO"]

1. Nf3 c5 2. c4 Nf6 3. g3 d5 4. cxd5 Nxd5 5. Bg2 Nc6 6. Nc3 g6 7. Qa4 Bg7 8. Ng5 e6 9. Nge4 Nb6 10. Qb5 c4 11. b3 0-0 12. bxc4 Nd4 13. Qb1 Nxc4 14. d3 Nd6 15. Nxd6 Qxd6 16. 0-0 1/2-1/2

[Event "SLO-chT 09th"]
[Site "Bled"]
[Date "1999.11.09"]
[Round "2"]
[White "Petrosian, Arshak B"]
[Black "Osterman, Rudolf"]
[Result "0-1"]
[WhiteElo "2514"]
[BlackElo "2371"]
[PlyCount "106"]
[EventDate "1999.11.08"]
[EventType "team-tourn"]
[EventRounds "7"]
[EventCountry "SLO"]
[SourceTitle "EXT 2000"]
[Source "ChessBase"]
[SourceDate "1999.11.16"]
[SourceVersion "1"]
[SourceVersionDate "1999.11.16"]
[SourceQuality "1"]
[WhiteTeam "Ptuj"]
[BlackTeam "Maribor Lumar Kovinar"]
[WhiteTeamCountry "SLO"]
[BlackTeamCountry "SLO"]

1. d4 Nf6 2. c4 g6 3. Nf3 Bg7 4. g3 0-0 5. Bg2 d6 6. Nc3 Nbd7 7. 0-0 e5 8. h3 Re8 9. e4 exd4 10. Nxd4 Nc5 11. Re1 a6 12. Qc2 Bd7 13. Be3 Rb8 14. Rad1 Qc8 15. g4 h5 16. g5 Nh7 17. h4 b5 18. b4 Ne6 19. Nxe6 Bxe6 20. c5 Bh3 21. f3 Bxg2 22. Kxg2 dxc5 23. Bxc5 c6 24. Bd6 Ra8 25. e5 Nf8 26. Ne4 Ne6 27. Qd2 Qb7 28. f4 a5 29. bxa5 c5 30. Kg3 Rec8 31. Rc1 c4 32. Bb4 Rd8 33. Nd6 Qd7 34. Kh2 Bf8 35. Rcd1 Bxd6 36. exd6 Qc6 37. Rxe6 fxe6 38. Qe3 Qd7 39. Bc3 Rf8 40. Qe5 Kh7 41. Re1 Rae8 42. Rd1 Rf5 43. Qe1 Rxf4 44. Be5 Rf7 45. Qe3 Rc8 46. a6 b4 47. Bf6 c3 48. Qd3 c2 49. Rc1 Qc6 50. Kg3 e5 51. Qb3 Qd7 52. Kh2 Rc3 53. Qxb4 Qh3+ 0-1

[Event "SLO-chT 09th"]
[Site "Bled"]
[Date "1999.11.08"]
[Round "1"]
[White "Zupe, Miran"]
[Black "Petrosian, Arshak B"]
[Result "0-1"]
[WhiteElo "2385"]
[BlackElo "2514"]
[PlyCount "74"]
[EventDate "1999.11.08"]
[EventType "team-tourn"]
[EventRounds "7"]
[EventCountry "SLO"]
[SourceTitle "EXT 2000"]
[Source "ChessBase"]
[SourceDate "1999.11.16"]
[SourceVersion "1"]
[SourceVersionDate "1999.11.16"]
[SourceQuality "1"]
[WhiteTeam "Maribor Branik"]
[BlackTeam "Ptuj"]
[WhiteTeamCountry "SLO"]
[BlackTeamCountry "SLO"]

1. e4 c5 2. Nf3 d6 3. d4 cxd4 4. Qxd4 a6 5. c4 Nc6 6. Qe3 Nf6 7. h3 e6 8. Nc3 Be7 9. Be2 0-0 10. 0-0 Qc7 11. Rd1 b6 12. b3 Bb7 13. Bb2 Ne5 14. Nd4 Ned7 15. Bf3 Rfe8 16. Rac1 Rac8 17. Re1 Qb8 18. g3 Bf8 19. Bg2 Qa8 20. Rcd1 Nc5 21. Re2 h6 22. Rde1 d5 23. e5 Nfe4 24. Nxe4 dxe4 25. Rd1 Red8 26. Bc3 Rd7 27. Red2 Rcd8 28. Bf1 Qb8 29. Nc2 Qc7 30. Rxd7 Rxd7 31. Rxd7 Nxd7 32. Bg2 Bc5 33. Qe2 Nxe5 34. Bxe4 Bxe4 35. Qxe4 Nxc4 36. Qxc4 Qxg3+ 37. Kh1 Qf3+ 0-1

[Event "Petermaennchen GM"]
[Site "Schwerin"]
[Date "1999.08.13"]
[Round "7"]
[White "Danielsen, Henrik"]
[Black "Petrosian, Arshak B"]
[Result "1-0"]
[WhiteElo "2512"]
[BlackElo "2514"]
[PlyCount "151"]
[EventDate "1999.08.09"]
[EventType "tourn"]
[EventRounds "9"]
[EventCountry "GER"]
[EventCategory "10"]
[SourceTitle "CBM 073"]
[Source "ChessBase"]
[SourceDate "1999.12.01"]
[SourceVersion "1"]
[SourceVersionDate "1999.12.01"]
[SourceQuality "1"]

1. f4 d5 2. Nf3 g6 3. g3 Bg7 4. Bg2 Nf6 5. 0-0 c5 6. d3 0-0 7. c3 Nc6 8. Qe1 d4 9. Na3 Rb8 10. Bd2 Nd5 11. Nc2 b5 12. cxd4 cxd4 13. Qf2 Qb6 14. Nh4 Qd8 15. f5 Bb7 16. g4 Qd6 17. Nf3 Nf4 18. Ng5 Nxg2 19. Ne4 Qd7 20. Qxg2 Ne5 21. Rab1 Rbc8 22. Na1 Bd5 23. Nb3 Rc2 24. Rf2 Rfc8 25. Bf4 Qb7 26. Nbd2 Rc1+ 27. Rxc1 Rxc1+ 28. Rf1 Rc2 29. Qg3 Nc4 30. Nc5 Qc6 31. dxc4 bxc4 32. b4 c3 33. Qd3 Rxa2 34. Nf3 a5 35. Ne5 Bxe5 36. Bxe5 axb4 37. fxg6 Qxg6 38. Qxd4 Rd2 39. Nd3 Qe4 40. Qxe4 Bxe4 41. Nxb4 Rxe2 42. Rd1 Rd2 43. Re1 c2 44. Bg3 h5 45. gxh5 e6 46. Na2 Bd5 47. Nc1 Kh7 48. Bf4 Rd4 49. Rf1 f5 50. h3 Re4 51. Bg5 Rd4 52. Rf2 Be4 53. Rd2 Rxd2 54. Bxd2 e5 55. Bc3 Kh6 56. Bxe5 Kxh5 57. Bf4 Kh4 58. Kh2 Bd5 59. Nd3 Bc4 60. Ne1 Bb3 61. Nf3+ Kh5 62. Kg3 Bd5 63. Nd4 Be4 64. Bc1 Bd3 65. Ne6 Bc4 66. Nf4+ Kg5 67. h4+ Kh6 68. Bb2 Ba6 69. Kf2 Bb7 70. Ke3 Bc6 71. Kd4 Bb7 72. Ke5 Bc8 73. Kf6 Bd7 74. Kf7 Bc8 75. Kg8 Be6+ 76. Kh8 1-0

[Event "Dortmund Master"]
[Site "Dortmund"]
[Date "1999.07.10"]
[Round "2"]
[White "Poldauf, Dirk"]
[Black "Petrosian, Arshak B"]
[Result "1/2-1/2"]
[WhiteElo "2434"]
[BlackElo "2508"]
[PlyCount "98"]
[EventDate "1999.07.09"]
[EventType "tourn"]
[EventRounds "9"]
[EventCountry "GER"]
[EventCategory "9"]
[SourceTitle "CBM 072"]
[Source "ChessBase"]
[SourceDate "1999.10.01"]
[SourceVersion "1"]
[SourceVersionDate "1999.10.01"]
[SourceQuality "1"]

1. c4 e6 2. g3 d5 3. Bg2 dxc4 4. Qa4+ Nd7 5. Qxc4 a6 6. d4 Ngf6 7. a4 c5 8. a5 b5 9. axb6 Nxb6 10. Qc2 Nbd5 11. dxc5 Bb7 12. b4 Qd7 13. Qd2 Rd8 14. Nf3 Nxb4 15. 0-0 Qxd2 16. Nfxd2 Bxg2 17. Kxg2 Bxc5 18. Nb3 Be7 19. Bd2 Ra8 20. Ra4 Nbd5 21. Nc3 0-0 22. Rfa1 Rfb8 23. Nd4 Nxc3 24. Bxc3 Nd5 25. Bd2 Rb2 26. Bc1 Rb6 27. Bd2 g6 28. R1a2 e5 29. Nf3 f6 30. e4 Nb4 31. Rb2 a5 32. Ne1 Rbb8 33. Bxb4 axb4 34. Rxa8 Rxa8 35. Nc2 Ra4 36. Kf3 Kf7 37. Rb3 Ke6 38. Ke2 f5 39. f3 Ra2 40. Kd3 h5 41. h3 Ra4 42. Kc4 Ra2 43. Nxb4 Rg2 44. Nd3 Rxg3 45. Rb6+ Bd6 46. Nc5+ Ke7 47. Rb7+ Kf6 48. Rb6 Ke7 49. Rb7+ Kf6 1/2-1/2

[Event "Dortmund Master"]
[Site "Dortmund"]
[Date "1999.07.09"]
[Round "1"]
[White "Petrosian, Arshak B"]
[Black "Mikhalchishin, Adrian"]
[Result "1/2-1/2"]
[WhiteElo "2508"]
[BlackElo "2542"]
[PlyCount "37"]
[EventDate "1999.07.09"]
[EventType "tourn"]
[EventRounds "9"]
[EventCountry "GER"]
[EventCategory "9"]
[SourceTitle "CBM 072"]
[Source "ChessBase"]
[SourceDate "1999.10.01"]
[SourceVersion "1"]
[SourceVersionDate "1999.10.01"]
[SourceQuality "1"]

1. d4 f5 2. Nf3 Nf6 3. g3 d6 4. Bg2 c6 5. c4 Qc7 6. Nc3 e5 7. 0-0 Be7 8. dxe5 dxe5 9. e4 0-0 10. exf5 Bxf5 11. Ng5 Na6 12. Nge4 Nc5 13. Qe2 Rad8 14. Nxf6+ Bxf6 15. Ne4 Nxe4 16. Bxe4 Bxe4 17. Qxe4 Rd4 18. Qe2 e4 19. Bf4 1/2-1/2

[Event "Gelsenkirchen Masters op"]
[Site "Gelsenkirchen"]
[Date "1999.03.28"]
[Round "?"]
[White "Petrosian, Arshak B"]
[Black "Bekker Jensen, Simon"]
[Result "1-0"]
[WhiteElo "2508"]
[BlackElo "2360"]
[PlyCount "81"]
[EventDate "1999.03.??"]
[EventType "swiss"]
[EventRounds "9"]
[EventCountry "GER"]
[SourceTitle "EXT 2000"]
[Source "ChessBase"]
[SourceDate "1999.11.16"]
[SourceVersion "1"]
[SourceVersionDate "1999.11.16"]
[SourceQuality "1"]

1. d4 Nf6 2. Nf3 g6 3. c4 Bg7 4. g3 0-0 5. Bg2 d6 6. Nc3 c6 7. 0-0 Na6 8. h3 Qb6 9. e4 e5 10. d5 Nc5 11. Qe2 Bd7 12. Be3 cxd5 13. cxd5 a5 14. Rfc1 Rfc8 15. Nd2 Ne8 16. g4 Bf6 17. Rab1 Qd8 18. b4 axb4 19. Rxb4 Bg5 20. Nb3 Bxe3 21. Qxe3 Rab8 22. Bf1 Nc7 23. Nxc5 dxc5 24. Rb6 Ne8 25. Rcb1 Ra8 26. Rxb7 Nd6 27. R7b6 Qe7 28. f4 Ra3 29. R1b3 Rxb3 30. axb3 Be8 31. Qg3 Qc7 32. Ra6 c4 33. b4 exf4 34. Qxf4 Nb5 35. Qxc7 Rxc7 36. Ra8 Nxc3 37. Rxe8+ Kg7 38. d6 Rd7 39. e5 f6 40. Bxc4 fxe5 41. Re7+ 1-0

[Event "Sportland NRW-Cup"]
[Site "Senden"]
[Date "1999.??.??"]
[Round "6"]
[White "Mossakowski, Florian"]
[Black "Petrosian, Arshak B"]
[Result "1/2-1/2"]
[WhiteElo "2295"]
[BlackElo "2510"]
[PlyCount "53"]
[EventDate "1999.10.??"]
[EventType "swiss"]
[EventRounds "9"]
[EventCountry "GER"]
[SourceTitle "EXT 2000"]
[Source "ChessBase"]
[SourceDate "1999.11.16"]
[SourceVersion "1"]
[SourceVersionDate "1999.11.16"]
[SourceQuality "1"]

1. e4 c5 2. Nf3 d6 3. d4 cxd4 4. Nxd4 Nf6 5. Nc3 a6 6. f4 e5 7. Nf3 Nbd7 8. a4 Qc7 9. Bd3 Be7 10. 0-0 exf4 11. Bxf4 Ne5 12. Qe1 Be6 13. Kh1 0-0 14. Nd4 Nfd7 15. Qg3 Rfe8 16. Rad1 Qa5 17. Nd5 Bxd5 18. exd5 Bf8 19. Bf5 Qc7 20. c4 g6 21. Bxd7 Qxd7 22. b3 Bg7 23. h3 Qc7 24. Rfe1 Qb6 25. Be3 Qb4 26. Bd2 Qb6 27. Bc3 1/2-1/2

[Event "Sportland NRW-Cup"]
[Site "Senden"]
[Date "1999.??.??"]
[Round "5"]
[White "Petrosian, Arshak B"]
[Black "Jugelt, Tobias"]
[Result "1/2-1/2"]
[WhiteElo "2510"]
[BlackElo "2400"]
[PlyCount "32"]
[EventDate "1999.10.??"]
[EventType "swiss"]
[EventRounds "9"]
[EventCountry "GER"]
[SourceTitle "EXT 2000"]
[Source "ChessBase"]
[SourceDate "1999.11.16"]
[SourceVersion "1"]
[SourceVersionDate "1999.11.16"]
[SourceQuality "1"]

1. Nf3 d5 2. g3 c6 3. Bg2 Bg4 4. c4 e6 5. cxd5 exd5 6. Qb3 Qb6 7. Qc2 Nf6 8. 0-0 Be7 9. Nc3 0-0 10. d3 Na6 11. a3 Rfd8 12. b4 Bxf3 13. Bxf3 Nc7 14. Rb1 Ne6 15. Bg2 Qc7 16. e4 a5 1/2-1/2

[Event "Ptuj"]
[Site "Ptuj"]
[Date "1998.??.??"]
[Round "?"]
[White "Brglez, Rado"]
[Black "Petrosian, Arshak B"]
[Result "0-1"]
[WhiteElo "2260"]
[BlackElo "2500"]
[PlyCount "128"]
[EventDate "1998.??.??"]
[EventType "tourn"]
[EventRounds "9"]
[EventCountry "SLO"]
[EventCategory "7"]
[SourceTitle "EXT 2000"]
[Source "ChessBase"]
[SourceDate "1999.11.16"]
[SourceVersion "1"]
[SourceVersionDate "1999.11.16"]
[SourceQuality "1"]

1. d4 Nf6 2. c4 e6 3. Nc3 Bb4 4. Qc2 c5 5. dxc5 Qc7 6. Nf3 Bxc5 7. g3 Qb6 8. e3 a6 9. Bg2 Qc7 10. 0-0 Be7 11. b3 d6 12. Bb2 Nbd7 13. Ng5 Rb8 14. Rac1 b6 15. Rfd1 Bb7 16. Nce4 Nxe4 17. Nxe4 f5 18. Nc3 Bxg2 19. Kxg2 Qc6+ 20. f3 Ne5 21. Rf1 g5 22. Ne2 g4 23. Nd4 gxf3+ 24. Nxf3 Nxf3 25. Rxf3 Rg8 26. Qe2 h5 27. Re1 Rg4 28. Kf2 Kd7 29. Rf4 Rbg8 30. Qf3 h4 31. Qxc6+ Kxc6 32. Rxg4 Rxg4 33. Kf3 hxg3 34. hxg3 Re4 35. Rd1 Bg5 36. Rd3 b5 37. Ba3 Be7 38. Rd4 Rxd4 39. exd4 bxc4 40. bxc4 Bf6 41. Bb2 e5 42. g4 fxg4+ 43. Kxg4 exd4 44. Ba3 d3 45. Kf3 Bc3 46. Ke3 d2 47. Ke2 a5 48. Kd1 Kd7 49. Kc2 Ke6 50. Kd1 Ke5 51. Ke2 Bb4 52. Bb2+ Ke4 53. Bg7 d1R 54. Kxd1 Kd3 55. Bf6 Kxc4 56. Kc2 d5 57. Bg7 d4 58. Bf6 Bc3 59. Bd8 d3+ 60. Kd1 Kb4 61. Be7+ Ka4 62. Kc1 Bb4 63. Bf6 d2+ 64. Kc2 Ka3 0-1

[Event "Ruhrgebiet VK2 9899"]
[Site "Ruhrgebiet"]
[Date "1998.??.??"]
[Round "3"]
[White "Hoppe, Udo"]
[Black "Petrosian, Arshak B"]
[Result "0-1"]
[WhiteElo "2070"]
[BlackElo "2508"]
[PlyCount "68"]
[EventDate "1998.??.??"]
[EventType "team"]
[EventRounds "9"]
[EventCountry "GER"]
[SourceTitle "EXT 2002"]
[Source "ChessBase"]
[SourceDate "2001.11.25"]
[SourceVersion "1"]
[SourceVersionDate "2001.11.25"]
[SourceQuality "1"]

1. c4 Nf6 2. g3 d6 3. Bg2 e5 4. Nc3 Be7 5. d3 0-0 6. b4 c6 7. Nf3 d5 8. Qb3 d4 9. Nb1 a5 10. bxa5 Qxa5+ 11. Bd2 Qc7 12. 0-0 Na6 13. Bg5 Nc5 14. Qc2 Bf5 15. Bxf6 Bxf6 16. Nbd2 Rfe8 17. Nb3 Na4 18. Nfd2 Bg4 19. Bf3 Be6 20. Rfe1 Be7 21. Bg2 Qd7 22. Nf3 f6 23. Rec1 Ra7 24. Rf1 Rea8 25. h4 Nc3 26. a4 Rxa4 27. Rxa4 Rxa4 28. Ra1 Rxa1+ 29. Nxa1 b5 30. cxb5 cxb5 31. Qb2 Qa7 32. Bf1 Qa4 33. Nc2 b4 34. Nd2 b3 0-1

[Event "Dortmund Sparkassen GM"]
[Site "Dortmund"]
[Date "1998.??.??"]
[Round "?"]
[White "Petrosian, Arshak B"]
[Black "Dergatschova, Anna"]
[Result "1-0"]
[WhiteElo "2500"]
[BlackElo "2220"]
[PlyCount "95"]
[EventDate "1998.06.??"]
[EventType "tourn"]
[EventRounds "9"]
[EventCountry "GER"]
[EventCategory "6"]
[SourceTitle "EXT 1999"]
[Source "ChessBase"]
[SourceDate "1998.11.16"]
[SourceVersion "1"]
[SourceVersionDate "1998.11.16"]
[SourceQuality "1"]

1. Nf3 d5 2. g3 Nc6 3. d4 Bg4 4. h3 Bxf3 5. exf3 e6 6. f4 g6 7. c3 Bg7 8. Nd2 Nge7 9. Nf3 Nf5 10. Bd3 Nd6 11. Qe2 Ne7 12. h4 c6 13. h5 Qc7 14. g4 gxh5 15. Rxh5 h6 16. Bd2 0-0-0 17. 0-0-0 Rhe8 18. Kb1 Ng8 19. Ne5 Nf6 20. Rh3 Nfe4 21. Bc1 Qb6 22. Ka1 f6 23. Ng6 f5 24. f3 fxg4 25. fxg4 c5 26. dxc5 Nxc5 27. Bc2 Qa5 28. Ne5 Nce4 29. c4 Kb8 30. cxd5 exd5 31. Rhd3 Qa6 32. Qh2 Nf6 33. g5 hxg5 34. fxg5 Ng8 35. Rxd5 Ka8 36. Nf3 Qc6 37. Kb1 Nf7 38. Rxd8+ Nxd8 39. Nd4 Qb6 40. Nf5 Be5 41. Qh7 Nc6 42. Bb3 Qb4 43. Bxg8 Qe4+ 44. Ka1 Nb4 45. Ne3 Qc6 46. Bb3 Bf4 47. Nc2 Bxc1 48. Kb1 1-0

[Event "Ptuj"]
[Site "Ptuj"]
[Date "1998.??.??"]
[Round "?"]
[White "Petrosian, Arshak B"]
[Black "Krumpacnik, Domen"]
[Result "1/2-1/2"]
[WhiteElo "2500"]
[BlackElo "2380"]
[PlyCount "142"]
[EventDate "1998.??.??"]
[EventType "tourn"]
[EventRounds "9"]
[EventCountry "SLO"]
[EventCategory "7"]
[SourceTitle "EXT 2000"]
[Source "ChessBase"]
[SourceDate "1999.11.16"]
[SourceVersion "1"]
[SourceVersionDate "1999.11.16"]
[SourceQuality "1"]

1. d4 Nf6 2. c4 e6 3. Nf3 Bb4+ 4. Nbd2 0-0 5. a3 Bxd2+ 6. Bxd2 d6 7. Bg5 Nbd7 8. e3 e5 9. Be2 exd4 10. exd4 Re8 11. 0-0 Nf8 12. h3 h6 13. Be3 Bf5 14. d5 Ng6 15. Nd4 Bd7 16. Qc2 c5 17. dxc6 bxc6 18. b4 d5 19. Rfd1 Ne5 20. Rac1 Qe7 21. c5 a6 22. Bf4 Ne4 23. Bf1 Qf6 24. Bh2 Ng6 25. f3 Ng5 26. Qd2 Nh4 27. Qf4 Qxf4 28. Bxf4 Ne6 29. Nxe6 Rxe6 30. a4 g5 31. Bc7 Nf5 32. b5 axb5 33. axb5 cxb5 34. Rxd5 Re7 35. c6 Be6 36. Rd8+ Re8 37. Rxe8+ Rxe8 38. Bxb5 Nd4 39. Ba6 Bc8 40. Bf1 Re6 41. Ra1 Rxc6 42. Be5 Ne6 43. Ra8 Nf8 44. Bb5 Rc1+ 45. Kh2 Ng6 46. Bf6 Kh7 47. Bd3 Rc6 48. Ba1 h5 49. Bb2 h4 50. Be4 Rc5 51. Bd4 Rc4 52. Bf6 Rc5 53. Be7 Re5 54. Bf6 Rc5 55. Bxg5 Rxg5 56. Rxc8 Kg7 57. Bxg6 fxg6 58. Rc4 Rh5 59. Rg4 Kf6 60. f4 Kf5 61. Kg1 Ke4 62. Kf2 Rh6 63. Ke2 Rh7 64. Rxg6 Kxf4 65. Rg4+ Kf5 66. Kf3 Rh8 67. Ke3 Re8+ 68. Kf3 Rh8 69. Ra4 Kg5 70. Ra5+ Kh6 71. Ra4 Kg5 1/2-1/2

[Event "Ptuj"]
[Site "Ptuj"]
[Date "1998.??.??"]
[Round "?"]
[White "Polajzer, Danilo"]
[Black "Petrosian, Arshak B"]
[Result "1/2-1/2"]
[WhiteElo "2420"]
[BlackElo "2500"]
[PlyCount "27"]
[EventDate "1998.??.??"]
[EventType "tourn"]
[EventRounds "9"]
[EventCountry "SLO"]
[EventCategory "7"]
[SourceTitle "EXT 2000"]
[Source "ChessBase"]
[SourceDate "1999.11.16"]
[SourceVersion "1"]
[SourceVersionDate "1999.11.16"]
[SourceQuality "1"]

1. Nf3 Nf6 2. d4 d5 3. c4 e6 4. Nc3 Be7 5. Bg5 h6 6. Bh4 0-0 7. e3 b6 8. cxd5 Nxd5 9. Bxe7 Qxe7 10. Nxd5 exd5 11. Rc1 Be6 12. Qa4 c5 13. Qa3 Nd7 14. Be2 1/2-1/2

[Event "Ruhrgebiet VK4 9798"]
[Site "Ruhrgebiet"]
[Date "1998.??.??"]
[Round "?"]
[White "Rumpf, Thomas"]
[Black "Petrosian, Arshak B"]
[Result "0-1"]
[WhiteElo "2270"]
[BlackElo "2500"]
[PlyCount "86"]
[EventDate "1997.??.??"]
[EventType "team"]
[EventRounds "9"]
[EventCountry "GER"]
[SourceTitle "EXT 2002"]
[Source "ChessBase"]
[SourceDate "2001.11.25"]
[SourceVersion "1"]
[SourceVersionDate "2001.11.25"]
[SourceQuality "1"]

1. e4 c5 2. Nf3 d6 3. c3 Nf6 4. Be2 Nbd7 5. d3 b6 6. 0-0 Bb7 7. Nbd2 g6 8. Re1 Bg7 9. Bf1 0-0 10. d4 e6 11. Bd3 Qc7 12. Nf1 e5 13. d5 c4 14. Bc2 b5 15. Nh4 Rfe8 16. g4 Nc5 17. Ng3 a5 18. Ng2 Ba6 19. h4 b4 20. g5 Nfd7 21. h5 bxc3 22. bxc3 Nd3 23. Bxd3 cxd3 24. Bd2 Rab8 25. Ne3 Nb6 26. Kg2 Nc4 27. Nxc4 Bxc4 28. Rh1 Rb2 29. Be3 Qd7 30. hxg6 fxg6 31. Nh5 gxh5 32. Qxh5 Bf8 33. Rag1 Re7 34. Rb1 Rxb1 35. Rxb1 Qe8 36. Qg4 Bb5 37. Rc1 Qg6 38. c4 Bd7 39. Qh4 Rg7 40. f3 Be7 41. Rd1 h6 42. Rxd3 hxg5 43. Qe1 g4 0-1